000 00617nam a22001937a 4500
999 _c164446
_d164446
005 20190520153125.0
010 _aB-215643
020 _a9780670999224
035 _aB-215643
037 _bDBAD/PUB
082 _aN
100 _aChandra,Vikram
245 _aSacred Games/
_cby Vikram Chandra
260 _aNew Delhi
_bPenguin Booka India Pvt. Ltd.
_c2006
270 _a11, Community Centre, Panchsheel Park
_bNew Delhi
_e110017
300 _axii,900p.
_c22cm.(hbk)
942 _2ddc
_cEN
_hN
_mVIK